000
00296nam a2200133Ia 4500
008
191201s2011 xx 000 0 und d
100
_a
SHARMA,J K
245
0
_a
Discrete Mathematics
250
_a
Rep
260
_c
2011
_b
Macmillan
_a
N. delhi
300
_a
582
650
_a
CSE
942
_2
ddc
_c
BB
999
_c
7513
_d
7513